| 000 | 00658nam a2200205 a 4500 | ||
|---|---|---|---|
| 005 | 20250408063812.0 | ||
| 008 | 030624s1976 mx r 000 0 spa d | ||
| 035 | _aUPN01000126735 | ||
| 049 | _aSEP | ||
| 050 | 4 |
_aAC75 _bS4 no.309 |
|
| 100 | 1 | _aRyesky, Diana | |
| 245 | 1 | 0 |
_aConceptos tradicionales de la medicina en un pueblo mexicano : _bun análisis antropológico / _cDiana Ryesky ; tr. Yolanda Sasson. |
| 260 |
_aMéxico : _bSEP, _c1976. |
||
| 300 | _a146 p., [5] p. de láms. | ||
| 440 | 0 |
_aSepSetentas ; _v309 |
|
| 650 | 4 |
_aNaturismo _915452 |
|
| 650 | 4 |
_aBotánica médica _91355 |
|
| 650 | 4 |
_aMedicina _zMéxico _xHistoria _925579 |
|
| 905 | _aLibro | ||
| 999 |
_c98914 _d98914 |
||